Zlatí spolužiaci Milan Grman a renáta Kasalová - dvaja z nastupujúcich generácie čs. stolných tenistov

Bibliographic Details
Main Authors: Kríž, Zdenko, 1950- (Author), Grman, Milan, 1969- (Author), Maňáková-KIasalová, Renáta, 1969- (Author)
Format: Article
Language:Slovak
PhysicalDescription:Obr. 2.
Subjects:

MARC

LEADER 00000nab a2200000 a 4500
001 vtls000157839
003 SK-MaSNL
005 20260304012125.0
008 160215c1983 xo 0 slo
015 |a SNBRB19rr/mm-uuuuu 
035 |a CL0167948 
040 |a SNKBUCL  |b slo  |c SNKBUCL  |e AACR2 
041 0 |a slo 
044 |a xo  |c SK 
080 |a 796.386-053.67.077  |2 1981 
080 |a 929 Grman, Milan  |2 1981 
080 |a 929 Kasalová, Renáta  |2 1981 
100 1 |a Kríž, Zdenko,  |d 1950-  |4 aut  |9 196373 
245 1 0 |a Zlatí spolužiaci  |b Milan Grman a renáta Kasalová - dvaja z nastupujúcich generácie čs. stolných tenistov  |c Zdeno Kríž ; Milan Grman, Renáta Kasalová 
300 |b Obr. 2. 
600 1 7 |a Grman, Milan,  |d 1969-  |2 snkbucl  |9 99827 
650 0 7 |a Kasalová, Renáta  |2 snkbucl  |9 944258 
655 7 |a články z novín a časopisov  |2 snkbucl  |9 267496 
700 1 |a Grman, Milan,  |d 1969-  |4 aut  |9 99827 
700 1 |a Maňáková-KIasalová, Renáta,  |d 1969-  |4 aut  |9 115298 
773 0 |t Šport  |g Roč. 37, č. 186 (9. 8. 1983), s. 10 
850 |a Slovenská národná knižnica v Martine  |a MTA001 
852 |a SNK  |b KIS3GCP 
958 |a BX 
958 |a RK 
992 |a RBX 
999 |c 2569939  |d 2571869